Statistics for Guess the Lana Del Rey Song by the Emojis

Click here to take the quiz!

General Stats

  • This quiz has been taken 40 times
  • The average score is 3 of 9

Answer Stats

HintAnswer% Correct
๐Ÿ‡บ๐Ÿ‡ธamerican
84%
๐Ÿค๐Ÿฉถ๐Ÿ–ค๐Ÿ˜Žshades of cool
58%
๐ŸŒฎ๐Ÿšštaco truck x vb
53%
๐Ÿ–ค๐Ÿ“…the blackest day
53%
๐Ÿ™…โ€โ™€๏ธ๐Ÿซตwithout you
29%
๐Ÿคฌ๐Ÿ’—fuck it i love you
26%
๐Ÿ–ค๐ŸŽฒdark but just a game
18%
๐Ÿฌ๐Ÿ‡บ๐Ÿ‡ธsweet carolina
16%
๐Ÿ‘‡๐Ÿ˜”in my feelings
11%

Score Distribution

Percentile by Number Answered

Percent of People with Each Score

Your Score History

You have not taken this quiz